|
|
|
|
| LEADER |
00704cam a2200193 7i4500 |
| 001 |
0000006789 |
| 005 |
20170218090000.0 |
| 020 |
|
|
|a 9810243588 (hbk.)
|
| 020 |
|
|
|a 9789810243586
|
| 090 |
0 |
0 |
|a HG6024.A3
|b .B47 2000
|
| 100 |
1 |
|
|a Berg, Imme van den
|
| 245 |
1 |
0 |
|a Principles of infinitesimal stochastic and financial analysis
|c Imme van den Berg.
|
| 260 |
|
|
|a Singapore:
|b World Scientific,
|c 2000.
|
| 300 |
|
|
|a xii, 136 p.:
|b ill.;
|c 23 cm.
|
| 504 |
|
|
|a Includes bibliographical references and index
|
| 650 |
0 |
0 |
|a Options (Finance) --
|x Prices --
|x Mathematical models
|
| 650 |
0 |
0 |
|a Stochastic analysis
|
| 997 |
|
|
|a Business & Accountancy, Faculty
|
| 999 |
|
|
|a 0000004516
|b BOK
|c OPEN SHELF
|e 1st Floor, Shah Alam
|